004150000a22001330004500090001700000245007000017041001400087700003400101700002900135100002700164942001300191773006000204999001700264 aASbSeriadas10aTipos de Leguminosae-Faboideae en el herbario nacional colombiano0 aEspañol1 aBernavides, Olga S. de9995591 aOrtega, Elizabeth9995491 aForero, Enrique992822 cARTICULO1 tMutisia: Acta Botánica Colombiana3893h58q1-4d1983 c15265d15265